Oligarquía y caciquismo como la forma actual de gobierno en España : (Registro nro. 176982)

Detalles MARC
000 -LEADER
campo de control de longitud fija 01078nam a2200277 i 4500
001 - NÚMERO DE CONTROL
campo de control 176982
003 - IDENTIFICADOR DE NÚMERO DE CONTROL
campo de control ES-MaACL
005 - FECHA Y HORA DE LA ÚLTIMA TRANSACCIÓN
campo de control 20250622052653.0
008 - DATOS DE LONGITUD FIJA--INFORMACIÓN GENERAL
campo de control de longitud fija 110222s1982 sp |||| | spa d
020 ## - NÚMERO INTERNACIONAL ESTÁNDAR DEL LIBRO
Número Internacional Estándar del Libro 84-85303-55-5
080 ## - NÚMERO DE LA CLASIFICACIÓN DECIMAL UNIVERSAL
Número de la Clasificación Decimal Universal 321.15(460)"18"
100 1# - ENTRADA PRINCIPAL--NOMBRE DE PERSONA
Nombre de persona Costa, Joaquín,
Fechas asociadas al nombre 1846-1911
9 (RLIN) 41054
245 10 - MENCIÓN DEL TÍTULO
Título Oligarquía y caciquismo como la forma actual de gobierno en España :
Resto del título urgencia y modo de cambiarla /
Mención de responsabilidad, etc. Joaquín Costa.
260 ## - PUBLICACIÓN, DISTRIBUCIÓN, ETC.
Lugar de publicación, distribución, etc. Zaragoza :
Nombre del editor, distribuidor, etc. Guara,
Fecha de publicación, distribución, etc. 1982.
300 ## - DESCRIPCIÓN FÍSICA
Extensión 2 v. ;
Dimensiones 21 cm.
490 1# - MENCIÓN DE SERIE
Mención de serie Obras de Joaquín Costa ;
Designación de volumen o secuencia 4-5
505 8# - NOTA DE CONTENIDO CON FORMATO
Nota de contenido con formato Contiene: I. Memoria y resumen de la información / introducción de Alberto Gil Novales - II. Informes o testimonios
610 24 - PUNTO DE ACCESO ADICIONAL DE MATERIA--NOMBRE DE ENTIDAD CORPORATIVA
Nombre de entidad corporativa o nombre de jurisdicción como elemento de entrada Ateneo de Madrid-
Subdivisión general Información de 1901 sobre Oligarquía y caciquismo
9 (RLIN) 1927
650 #7 - PUNTO DE ACCESO ADICIONAL DE MATERIA--TÉRMINO DE MATERIA
Término de materia o nombre geográfico como elemento de entrada Oligarquía
Fuente del encabezamiento o término embne
9 (RLIN) 236390
650 #7 - PUNTO DE ACCESO ADICIONAL DE MATERIA--TÉRMINO DE MATERIA
Término de materia o nombre geográfico como elemento de entrada Caciquismo
Fuente del encabezamiento o término embne
9 (RLIN) 226982
700 0# - ENTRADA AGREGADA--NOMBRE PERSONAL
Nombre de persona Gil Novales, Alberto,
Fechas asociadas al nombre 1930-2016
9 (RLIN) 56851
830 1# - PUNTO DE ACCESO ADICIONAL DE SERIE-TÍTULO UNIFORME
Título uniforme Obras de Joaquín Costa
Designación de volumen o secuencia 4-5
9 (RLIN) 190320
852 ## - LOCALIZACIÓN
Ubicación ES-MaACL
Número de control de estantería P-1276(4-5)
942 ## - ELEMENTOS DE ENTRADA SECUNDARIOS (KOHA)
Fuente del sistema de clasificación o colocación Clasificación decimal universal
Existencias
Estatus retirado Estado de pérdida Estado de daño No para préstamo Colección Biblioteca de origen Biblioteca actual Ubicación en estantería Fecha de adquisición Fuente de adquisición Total de préstamos Signatura topográfica completa Código de barras Visto por última vez Precio de reemplazo Tipo de ítem Koha
        Fondo Ateneo de Madrid Biblioteca del Ateneo de Madrid Biblioteca del Ateneo de Madrid Depósito 2 22/02/2011     P-1276(4-5) 1185883 23/02/2023 23/02/2023 Libro impreso